| 000 | 01267aam a2200385 4500 | ||
|---|---|---|---|
| 005 | 20220816121250.0 | ||
| 008 | 150704b xxu||||| |||| 00| 0 spa d | ||
| 020 | _a9974780187 | ||
| 041 | _aspa | ||
| 082 | _a153.9 S358c | ||
| 100 |
_aSchneider, Sandra _98022 |
||
| 245 | _aCómo desarrollar la inteligencia y promover capacidades | ||
| 260 | _aArgentina | ||
| 260 | _bLexus | ||
| 260 | _c2004 | ||
| 300 | _a375 páginas | ||
| 505 | _aContiene disco compacto N° 301 | ||
| 505 | _aDisco compacto contiene: Resumen de cada capítulo. Para imprimir: todas las fichas de trabajo de la obra y glosario de términos pedagógicos. | ||
| 650 |
_aINTELIGENCIA _964233 |
||
| 650 |
_aINTELIGENCIAS MÚLTIPLES _91025 |
||
| 650 |
_aDESARROLLO CURRICULAR _98024 |
||
| 650 |
_aHABILIDADES COGNITIVAS _98025 |
||
| 650 |
_aESTRATEGIAS INTELIGENTES _98026 |
||
| 650 |
_aEVALUACIONES _98027 |
||
| 650 |
_aEVALUACIONES ALTERNATIVAS _98028 |
||
| 650 |
_aDIDÁCTICA PEDAGÓGICA _98029 |
||
| 650 |
_aJUEGOS PARA EL AULA _98030 |
||
| 650 |
_aPORTAFOLIOS _98031 |
||
| 650 |
_aRÚBRICAS _98032 |
||
| 650 |
_aTEST _92149 |
||
| 650 |
_aMAPAS MENTALES _98033 |
||
| 650 |
_aCOMPRENSIÓN DE LECTURA _9355 |
||
| 650 |
_aPROYECTOS DE INVESTIGACIÓN _913239 |
||
| 942 | _cBK | ||
| 999 |
_c1651 _d1651 |
||